Quick Pick: Fishy Names Quiz Stats

 Plays Quiz Updated Nov 9, 2017

Score 0/5 Timer 00:30
0 Plays Today
% Correct
Rosamund Pike
94.6%
​​Jackson Pollock
88.5%
Lance Bass
86.2%
​​​Mike Trout
79%
​​​​Leonard Whiting
76.1%

Today's Daily Dose

You're not logged in!

Compare scores with friends on all Sporcle quizzes.
Join for Free
OR
Log In

You Might Also Like...

Show Comments

Extras

Top Quizzes Today


Score Distribution

Your Account Isn't Verified!

In order to create a playlist on Sporcle, you need to verify the email address you used during registration. Go to your Sporcle Settings to finish the process.

Report this User

Report this user for behavior that violates our Community Guidelines.

Details: